Steampunk! : (Record no. 3330)

MARC details
000 -LEADER
fixed length control field 01675cam a2200337 a 4500
001 - CONTROL NUMBER
control field 3330
003 - CONTROL NUMBER IDENTIFIER
control field FISKH
005 - DATE AND TIME OF LATEST TRANSACTION
control field 20240228153720.0
008 - FIXED-LENGTH DATA ELEMENTS--GENERAL INFORMATION
fixed length control field 101028s2011 maua d 000 1 eng
010 ## - LIBRARY OF CONGRESS CONTROL NUMBER
LC control number 2010040742
020 ## - INTERNATIONAL STANDARD BOOK NUMBER
International Standard Book Number 9780763648435
020 ## - INTERNATIONAL STANDARD BOOK NUMBER
International Standard Book Number 9780545741064
040 ## - CATALOGING SOURCE
Original cataloging agency DLC
Transcribing agency DLC
Modifying agency DLC
Language of cataloging eng
042 ## - AUTHENTICATION CODE
Authentication code lcac
-- pcc
050 00 - LIBRARY OF CONGRESS CALL NUMBER
Classification number PZ5
Item number .S798 2011
082 00 - DEWEY DECIMAL CLASSIFICATION NUMBER
Classification number [Fic]
Edition number 22
100 ## - MAIN ENTRY--PERSONAL NAME
Personal name Link, Kelly
245 00 - TITLE STATEMENT
Title Steampunk! :
Remainder of title an anthology of fantastically rich and strange stories /
Statement of responsibility, etc. edited by Kelly Link and Gavin J. Grant.
260 ## - PUBLICATION, DISTRIBUTION, ETC.
Place of publication, distribution, etc. New York :
Name of publisher, distributor, etc. Scholastic,
Date of publication, distribution, etc. 2011.
300 ## - PHYSICAL DESCRIPTION
Extent 420 pages :
Other physical details illustrations ;
Dimensions 23 cm
505 0# - FORMATTED CONTENTS NOTE
Formatted contents note Some fortunate future day / Cassandra Clare -- The last ride of the Glory Girls / Libba Bray -- Clockwork Fagin / Cory Doctorow -- Seven days beset by demons / Shawn Cheng -- Hand in glove / Ysabeau S. Wilce -- The ghost of Cwmlech Manor / Delia Sherman -- Gethsemane / Elizabeth Knox -- The summer people / Kelly Link -- Peace in our time / Garth Nix -- Nowhere fast / Christopher Rowe -- Finishing school / Kathleen Jennings -- Steam girl / Dylan Horrocks -- Everything amiable and obliging / Holly Black -- The oracle engine / M.T. Anderson.
520 ## - SUMMARY, ETC.
Summary, etc. A collection of fourteen fantasy stories by well-known authors, set in the age of steam engines and featuring automatons, clockworks, calculating machines, and other marvels that never existed.
650 #0 - SUBJECT ADDED ENTRY--TOPICAL TERM
Topical term or geographic name entry element Fantasy.
650 #0 - SUBJECT ADDED ENTRY--TOPICAL TERM
Topical term or geographic name entry element Young adult fiction.
650 #1 - SUBJECT ADDED ENTRY--TOPICAL TERM
Topical term or geographic name entry element Fantasy.
650 #1 - SUBJECT ADDED ENTRY--TOPICAL TERM
Topical term or geographic name entry element Short stories.
700 1# - ADDED ENTRY--PERSONAL NAME
Personal name Grant, Gavin J.
Relator term Author
906 ## - LOCAL DATA ELEMENT F, LDF (RLIN)
a 7
b cbc
c orignew
d 1
e ecip
f 20
g y-gencatlg
942 ## - ADDED ENTRY ELEMENTS (KOHA)
Source of classification or shelving scheme Dewey Decimal Classification
Koha item type Books
Suppress in OPAC No
Holdings
Withdrawn status Lost status Source of classification or shelving scheme Damaged status Not for loan Collection Home library Current library Shelving location Date acquired Total Checkouts Full call number Barcode Date last seen Price effective from Koha item type
    Dewey Decimal Classification     Fiction Footprints International School Library Network Toul Kork Campus Footprints International School Library Network Toul Kork Campus   02/28/2024   LIN Fic PZ5.S798 FISSE00942 02/28/2024 02/28/2024 Books